000 00644nam a2200217Ia 4500
003 OSt
005 20220928101714.0
006 a|||||r|||| 00| 0
007 ta
008 220927b |||||||| |||| 00| 0 eng d
024 _a64787
037 _cReports / Technical Reports
040 _aSDCL
_cSDCL
_beng
041 _2eng
_aeng
082 _aX:93.2'N93t, N7.2
245 0 _aReport of the fifth central pay commission Vol. 2 January 1997
260 _aDelhi
_bAll India Railwaymen's federation
_c1997
300 _a1142p.
_ccm.
942 _hX:93.2'N93t, N7.2
_cREP
_2CC
999 _c709584
_d709584